000 00540nam a2200181Ia 4500
003 GCL
008 140319s9999 xx 000 0 ara d
040 _aGCL /
_cGCL
082 0 4 _aكاسيت
_b414
_bن ا
100 1 _aالبلوى، ابى عبدالله بن محمد الى
245 1 0 _aانا باستناك /
_cالبلوى، ابى عبدالله بن محمد الى
700 1 _aنجاة
260 _a[S.N] :
_bلا يوجد
490 _a
650 0 4 _aالاغانى
650 0 4 _aشرائط كاسيت
942 _2ddc
_cBK
999 _c34219
_d34219